<?xml version="1.0" encoding="UTF-8"?>
<collection xmlns="http://www.loc.gov/MARC21/slim">
 <record>
  <leader>01551cas a2200265 a 4500</leader>
  <controlfield tag="001">AALejournalIMF022126</controlfield>
  <controlfield tag="008">230101c9999    xx  r poo     0    0eng d</controlfield>
  <datafield tag="020" ind1=" " ind2=" ">
   <subfield code="z">9781484368589</subfield>
  </datafield>
  <datafield tag="040" ind1=" " ind2=" ">
   <subfield code="a">BD-DhAAL</subfield>
   <subfield code="c">BD-DhAAL</subfield>
  </datafield>
  <datafield tag="100" ind1="1" ind2=" ">
   <subfield code="a">Ong, Li.</subfield>
  </datafield>
  <datafield tag="245" ind1="1" ind2="2">
   <subfield code="a">A Guide to IMF Stress Testing : </subfield>
   <subfield code="b">Methods and Models /</subfield>
   <subfield code="c">Li Ong.</subfield>
  </datafield>
  <datafield tag="264" ind1=" " ind2="1">
   <subfield code="a">Washington, D.C. :</subfield>
   <subfield code="b">International Monetary Fund,</subfield>
   <subfield code="c">2014.</subfield>
  </datafield>
  <datafield tag="300" ind1=" " ind2=" ">
   <subfield code="a">1 online resource (612 pages)</subfield>
  </datafield>
  <datafield tag="500" ind1=" " ind2=" ">
   <subfield code="a">&lt;strong&gt;Off-Campus Access:&lt;/strong&gt; No User ID or Password Required</subfield>
  </datafield>
  <datafield tag="500" ind1=" " ind2=" ">
   <subfield code="a">&lt;strong&gt;On-Campus Access:&lt;/strong&gt; No User ID or Password Required</subfield>
  </datafield>
  <datafield tag="506" ind1=" " ind2=" ">
   <subfield code="a">Electronic access restricted to authorized BRAC University faculty, staff and students</subfield>
  </datafield>
  <datafield tag="520" ind1="3" ind2=" ">
   <subfield code="a">The IMF has had extensive involvement in the stress testing of financial systems in its member countries. This book presents the methods and models that have been developed by IMF staff over the years and that can be applied to the gamut of financial systems. An added resource for readers is the companion CD-Rom, which makes available the toolkit with some of the models presented in the book (also located at elibrary.imf.org/page/stress-test-toolkit).</subfield>
  </datafield>
  <datafield tag="538" ind1=" " ind2=" ">
   <subfield code="a">Mode of access: Internet</subfield>
  </datafield>
  <datafield tag="650" ind1=" " ind2="7">
   <subfield code="a">Accounting</subfield>
   <subfield code="2">imf</subfield>
  </datafield>
  <datafield tag="650" ind1=" " ind2="7">
   <subfield code="a">Banks and Banking</subfield>
   <subfield code="2">imf</subfield>
  </datafield>
  <datafield tag="650" ind1=" " ind2="7">
   <subfield code="a">Finance</subfield>
   <subfield code="2">imf</subfield>
  </datafield>
  <datafield tag="650" ind1=" " ind2="7">
   <subfield code="a">Industries</subfield>
   <subfield code="2">imf</subfield>
  </datafield>
  <datafield tag="650" ind1=" " ind2="7">
   <subfield code="a">Money and Monetary Policy</subfield>
   <subfield code="2">imf</subfield>
  </datafield>
  <datafield tag="651" ind1=" " ind2="7">
   <subfield code="a">United Kingdom</subfield>
   <subfield code="2">imf</subfield>
  </datafield>
  <datafield tag="856" ind1="4" ind2="0">
   <subfield code="z">Full text available on IMF</subfield>
   <subfield code="u">http://elibrary.imf.org/view/books/071/20952-9781484368589-en/20952-9781484368589-en-book.xml</subfield>
   <subfield code="z">IMF e-Library</subfield>
  </datafield>
 </record>
</collection>
